| 000 | 00475nam a22001817a 4500 | ||
|---|---|---|---|
| 005 | 20221109120346.0 | ||
| 008 | 221109b |||||||| |||| 00| 0 eng d | ||
| 082 | _a658.3 DES | ||
| 100 | _aDessler, Gary | ||
| 245 | _aHuman Resource Management | ||
| 250 | _a4th ed | ||
| 260 |
_aIndia: _bPearson; _c2016 |
||
| 300 |
_axxix,570p : _bcolor illus; _c25.3 cm |
||
| 500 | _aIncludes Index | ||
| 650 | _aCE Books | ||
| 700 |
_4author _aVarkkey, Biju |
||
| 942 |
_2ddc _cCE TEXBOOK |
||
| 999 |
_c9194 _d9195 |
||